Vinhos : (Record no. 1021)
[ view plain ]
| 000 -LÍDER | |
|---|---|
| campo de controle de tamanho fixo | 00720nam a22002177a 4500 |
| 003 - IDENTIFICADOR DO NÚMERO DE CONTROLE | |
| campo de controle | OSt |
| 005 - DATA E HORÁRIO DA ÚLTIMA TRANSAÇÃO | |
| campo de controle | 20251127140121.0 |
| 008 - CAMPO DE DADOS FIXOS--INFORMAÇÃO GERAL | |
| campo de controle de tamanho fixo | 251127b |||||||| |||| 00| 0 eng d |
| 020 ## - ISBN - INTERNATIONAL STANDARD BOOK NUMBER | |
| ISBN - International Standard Book Number | 8574780839 |
| 040 ## - FONTE DA CATALOGAÇÃO | |
| Instituição que transcreveu o registro | Nolita |
| 100 1# - ENTRADA PRINCIPAL--NOME PESSOAL | |
| Nome pessoal | Dardeau, Rogerio |
| 9 (RLIN) | 1660 |
| 245 ## - TÍTULO | |
| Título | Vinhos : |
| Restante do título | uma festa dos sentidos / |
| Indicação de responsabilidade, etc. | Rogerio Dardeau |
| 260 ## - PUBLICAÇÃO, DISTRIBUIÇÃO, ETC. | |
| Local de publicação, distribuição, etc. | Rio de Janeiro : |
| Nome do editor, distribuidor, etc. | Mauad, |
| Data da publicação, distribuição, etc. | 2002 |
| 300 ## - DESCRIÇÃO FÍSICA | |
| Extensão | 152 p. ; |
| Dimensões | 21 cm |
| 500 ## - NOTA GERAL | |
| Nota geral | Inclui índice. |
| 520 ## - NOTA DE RESUMO, ETC. | |
| Resumo, etc. | "Este é um guia prático sobre vinhos, para você se informar, conhecer, degustar, se inspirar e brindar a esta festa dos sentidos." |
| 650 #0 - ASSUNTO--TERMO TÓPICO | |
| Cabeçalho tópico ou nome geográfico | Bebidas alcoólicas |
| 9 (RLIN) | 59 |
| 650 #0 - ASSUNTO--TERMO TÓPICO | |
| Cabeçalho tópico ou nome geográfico | Vinho e vinificação |
| 9 (RLIN) | 65 |
| 650 #0 - ASSUNTO--TERMO TÓPICO | |
| Cabeçalho tópico ou nome geográfico | Vinho |
| Subdivisão geral | Degustação |
| 9 (RLIN) | 79 |
| 942 ## - ELEMENTOS DE ENTRADA ADICIONADOS (KOHA) | |
| Fonte de classificação ou esquema de arquivamento | Classificação decimal de Dewey |
| Tipo de material Koha | Livros |
| Ocultar no OPAC | Não |
| Situação do descarte | Situação das perdas | Fonte de classificação ou esquema de arquivamento | Status danificado | Não pode ser emprestado | Coleção | Biblioteca de origem | Biblioteca atual | Data de aquisição | Total de empréstimos | Número de chamada completo | Código de barras | Data de último acesso | Data do preço efetivo | Tipo de material Koha |
|---|---|---|---|---|---|---|---|---|---|---|---|---|---|---|
| Classificação decimal de Dewey | Não ficção | Nolita Roastery | Nolita Roastery | 11/27/2025 | L1099 | L1099 | 11/27/2025 | 11/27/2025 | Livros |